| 000 | 00422nam a2200157Ia 4500 | ||
|---|---|---|---|
| 008 | 230312s9999||||xx |||||||||||||| ||und|| | ||
| 020 | _a007-123263-X | ||
| 082 |
_a332.632042 _bPEN-F |
||
| 100 | _aStephen H. Penman | ||
| 245 | 0 | _aFinancial Statement Analysis | |
| 260 |
_bMcGraw Hill _aNew York _c2003 |
||
| 300 | _a740 | ||
| 546 | _aEng. | ||
| 650 |
_aEconomics _vHow Financial Statements and Valuation |
||
| 942 | _cBK | ||
| 999 |
_c2366 _d2366 |
||